Statistics for NBA Team Scoring Leaders

Click here to take the quiz!

General Stats

  • This quiz has been taken 119,393 times
    (4,341 since last reset)
  • The average score is 19 of 30

Answer Stats

PointsTeamPlayer% Correct
29,277BullsMichael Jordan
98%
33,643LakersKobe Bryant
96%
23,119CavaliersLeBron James
95%
18,434WarriorsStephen Curry
93%
31,560MavericksDirk Nowitzki
89%
36,374JazzKarl Malone
88%
26,496SpursTim Duncan
86%
26,511RocketsHakeem Olajuwon
82%
21,556HeatDwyane Wade
80%
19,201TimberwolvesKevin Garnett
77%
18,859ThunderRussell Westbrook
76%
14,211BucksKareem Abdul-Jabbar
75%
23,665KnicksPatrick Ewing
74%
25,279PacersReggie Miller
72%
18,822PistonsIsiah Thomas
69%
23,292HawksDominique Wilkins
57%
11,059PelicansAnthony Davis
57%
18,040Trail BlazersClyde Drexler
56%
15,666SunsWalter Davis
56%
22,009Kings/RoyalsOscar Robertson
53%
13,296RaptorsDeMar DeRozan
47%
11,435MagicDwight Howard
47%
26,395CelticsJohn Havlicek
45%
12,009HornetsKemba Walker
40%
11,733GrizzliesMike Conley
38%
21,645NuggetsAlex English
37%
10,444NetsBrook Lopez
29%
15,551Wizards/BulletsElvin Hayes
24%
12,735ClippersRandy Smith
19%
21,58676ersHal Greer
16%

Score Distribution

Percentile by Number Answered

Percent of People with Each Score

Your Score History

You have not taken this quiz since the last reset